| 000 | 00418nam a2200121Ia 4500 | ||
|---|---|---|---|
| 008 | 160609s9999 xx 000 0 und d | ||
| 100 | _aTavakkoli, Alireza. | ||
| 245 | _aGame Development And Simulation With Unreal Technology | ||
| 245 | _cBy:Alireza Tavakkoli | ||
| 260 | _c2015 | ||
| 650 | _xGAME DESIGN AND PRODUCTION | ||
| 856 | _uhttp://file.ebook777.com/005/Game_Development_and_Simulation_with_Unreal_Techno.rar | ||
| 999 |
_c295771 _d295771 |
||